Jaki to czołg? - WW2 - Statystyki

Ogólne statystyki
  • Ten quiz został rozwiązany 67 razy
  • Średni wynik to 9 z 11
Statystyki odpowiedzi
Obrazkowy Odpowiedź % Poprawnych
M4a1 Sherman
95%
T34
95%
Tiger
93%
Panther
90%
Panzer 4
80%
Panzer 3
78%
Panzer 2
76%
Is2
75%
Tiger 2
68%
Kw2
64%
T26
61%
Nie znaleziono quizów pasujących do podanych kryteriów
Rozkład punktacji
Procent ludzi z każdym wynikiem
Percentyl według liczby udzielonych odpowiedzi
Twoja historia wyników
Nie rozwiązałeś tego quizu